| 000 | 00692nam a22002177a 4500 | ||
|---|---|---|---|
| 999 |
_c10272 _d10272 |
||
| 003 | AR-CdUCM | ||
| 008 | 190329b ||||| |||| 00| 0 spa d | ||
| 040 |
_aMUNICIPALIDAD PROVINCIAL DEL CUSCO _cBIBLIOTECA MUNICIPAL DEL CUSCO |
||
| 082 |
_a423 / _bP42 / 1852 |
||
| 100 |
_aPeƱalver, Juan _927036 |
||
| 245 | _aDiccionario de la Rima de la lengua castellana / | ||
| 260 |
_aParis : _bLibreria de rosa, bouret y C, _c1852. |
||
| 300 |
_a386 paginas ; _c19 cm. |
||
| 500 | _aEncuadernado de cuero Diccionario | ||
| 650 |
_aDiccionario _95196 |
||
| 650 |
_aCastellano _97963 |
||
| 650 |
_aLiteratura _983 |
||
| 650 |
_aPalabras desconocidas _927037 |
||
| 942 |
_2ddc _cLIBROS |
||
| 945 | _apjha | ||